Dammed indians : the Pick-Sloan plan and the Missouri River Sioux, 1944-1980
Αποθηκεύτηκε σε:
| Κύριος συγγραφέας: | |
|---|---|
| Μορφή: | Βιβλίο |
| Γλώσσα: | English |
| Δημοσίευση: |
Norman; London :
University of Oklahoma Press,
c1994
|
| Θέματα: | |
| Ετικέτες: |
Προσθήκη ετικέτας
Δεν υπάρχουν, Καταχωρήστε ετικέτα πρώτοι!
|
MARC
| LEADER | 00000nam a2200000 i 4500 | ||
|---|---|---|---|
| 001 | 1/90472 | ||
| 008 | 990927s1994 eng d | ||
| 020 | |a 0-8061-2672-8 | ||
| 035 | |l 10053120 | ||
| 040 | |a GR-MY-UA |b gre |e aacr | ||
| 041 | 0 | |a eng | |
| 082 | 0 | |a 978.300497 | |
| 100 | 1 | |a Lawson, Michael L. | |
| 245 | 1 | 0 | |a Dammed indians : |b the Pick-Sloan plan and the Missouri River Sioux, 1944-1980 / |c by Michael Lawson |
| 260 | |a Norman; London : |b University of Oklahoma Press, |c c1994 | ||
| 300 | |a 261 p. | ||
| 504 | |a Bibliography: p.237-247: Includes index | ||
| 610 | 1 | 0 | |a Missouri River Basin Project (U.S.) |
| 650 | 0 | 0 | |a Dakota Indians |x Land tenure. |
| 650 | 0 | 0 | |a Dakota Indians |x Government relations |y 1934- |
| 650 | 0 | 0 | |a Indian land transfers |z North Dakota. |
| 650 | 0 | 0 | |a Indian land transfers |z South Dakota. |
| 650 | 0 | 0 | |a Indians of North America |x Government relations |y 1934- |
| 852 | |a INST |b LESVOS |e 19990927 |h 978.300497 LAW |p 005100019346 |q 005100019346 |t BK |y 0 | ||
| 901 | |a BIBL1-1999-3 | ||
| 909 | |a Λ |b 066701 | ||
| 922 | |a 1ΕΛΗ |b 199907 |c ΚΠΣ/ΤΚ |d ΠΑΠΑΣΩΤΗΡΙΟΥ | ||
| 950 | |a 103-1998-07-27 | ||
| 970 | |a ΤΖΑΦΕΡΗ |b ΕΥΑΓΓΕΛΙΑ |z 1999/10/04 | ||